| 000 | 00625nam a22001817a 4500 | ||
|---|---|---|---|
| 005 | 20251108171920.0 | ||
| 008 | 250721s2002 xx 000 0 ara d | ||
| 082 | 1 | 4 | _a956.02/نمر |
| 100 | 1 | _aنمر، تيسير | |
| 245 | 1 | 0 |
_aالكعبة المشرفة : _bبدئها و الأحداث التي جرت بها و رحلات إبن بطوطة و إبن جبير و السنوس و غيرهم / |
| 264 | 1 |
_aعمان : _bالمكتبة الوطنية، _c2002. |
|
| 300 | _a63ص. | ||
| 650 | 1 | 7 | _aالتاريخ الإسلامي |
| 650 | 1 | 7 | _aالكعبة |
| 650 | 1 | 7 | _aالحج |
| 942 |
_2ddc _cBK |
||
| 999 |
_c65863 _d65863 |
||